Pokémon-Toutes les Méga-Evolutions dans l'ordre du Pokédex national - Statistiques

Statistiques générales
  • Ce quiz a été pris 110 fois
    22 depuis la dernière actualisation
  • Le résultat moyen est 65 sur 93
Statistiques - réponses
Pokémon qui peuvent
Méga-Evoluer
% Correct
Méga-Dracaufeu X
100%
Méga-Dracaufeu Y
100%
Méga-Florizarre
100%
Méga-Tortank
100%
Méga-Dardargnan
92%
Mega-Roucarnage
92%
Méga-Alakazam
85%
Méga-Mélodelfe
85%
Méga-Raichu X
85%
Méga-Raichu Y
85%
Méga-Empiflor
77%
Méga-Absol
69%
Méga-Absol Z
69%
Méga-Airmure
69%
Méga-Aligatueur
69%
Méga-Altaria
69%
Méga-Amphinobi
69%
Méga-Baggaid
69%
Méga-Blindépique
69%
Méga-Branette
69%
Méga-Braségali
69%
Méga-Brutalibré
69%
Méga-Brutapode
69%
Méga-Camérupt
69%
Méga-Carchacrok
69%
Méga-Carchacrok Z
69%
Méga-Charmina
69%
Méga-Cizayox
69%
Méga-Darkrai
69%
Méga-Démolosse
69%
Méga-Dracolosse
69%
Méga-Drattak
69%
Méga-Ectoplasma
69%
Méga-Elecsprint
69%
Méga-Eoko
69%
Méga-Etouraptor
69%
Méga-Flagadoss
69%
Méga-Floette
69%
Méga-Floréclat
69%
Méga-Galeking
69%
Méga-Gallame
69%
Méga-Gardevoir
69%
Méga-Golemastoc
69%
Méga-Goupelin
69%
Méga-Heatran
69%
Méga-Jungko
69%
Méga-Kangourex
69%
Méga-Kravarech
69%
Méga-Laggron
69%
Méga-Latias
69%
Méga-Latios
69%
Méga-Léviator
69%
Méga-Lucario
69%
Méga-Lucario Z
69%
Méga-Lugulabre
69%
Méga-Méganium
69%
Méga-Métalosse
69%
Méga-Mewtwo X
69%
Méga-Mewtwo Y
69%
Méga-Momartik
69%
Méga-Mysdibule
69%
Méga-Nanméouie
69%
Méga-Oniglali
69%
Méga-Pharamp
69%
Méga-Ptéra
69%
Méga-Rayquaza
69%
Méga-Roitiflam
69%
Méga-Scarabrute
69%
Méga-Scarhino
69%
Méga-Sharpedo
69%
Méga-Staross
69%
Méga-Steelix
69%
Méga-Ténéfix
69%
Méga-Tyranocif
69%
Méga-Zygarde
69%
Méga-Crabominable
62%
Méga-Diancie
62%
Méga-Glaivodo
62%
Méga-Golgopathe
62%
Méga-Hexadron
62%
Méga-Lockpin
62%
Méga-Magearna
62%
Méga-Minotaupe
62%
Méga-Mistigrix
62%
Méga-Némélios
62%
Méga-Nigirigon
62%
Méga-Scovilain
62%
Méga-Blizzaroi
54%
Méga-Draieul
54%
Méga-Ohmassacre
54%
Méga-Sarmurai
54%
Méga-Sépiatroce
54%
Méga-Zeraora
54%
Aucun quiz correspondant
Distribution des résultats
% des personnes avec chaque résultat
Percentile par nombre de réponses
Votre historique - résultats
Vous n’avez pas pris ce quiz depuis la dernière actualisation